| 000 | 00725cab a2200205 4500 | ||
|---|---|---|---|
| 001 | ABS45036 | ||
| 008 | 090401t1991 xxu||||| |||| 00| 0 eng d | ||
| 035 | _a(Sirsi) u50557 | ||
| 041 | _aeng | ||
| 245 | _aTyler v Woodspring DC and SoS Environment | ||
| 260 | _c1991 | ||
| 350 | _a0 | ||
| 490 |
_aJournal of Planning and Environment Law _v(1991) JPL 727-733(7) |
||
| 520 | _aConcerned particularly with the definition of a caravan within Caravan Sites and Control of Development Act 1960 s29(1) when the structure has to be broken down into four parts to be transported. | ||
| 650 | _aLAW CASE | ||
| 650 | _aPREFABRICATED HOMES | ||
| 690 | _aPLANNING LAW AND PRACTICE-CASE LAW | ||
| 942 | _n0 | ||
| 948 | _c04/03/1997 | ||
| 999 |
_c31550 _d31550 |
||